| 000 | 00920nam a2200289 i 4500 | ||
|---|---|---|---|
| 001 | 106773 | ||
| 003 | ES-MaACL | ||
| 005 | 20250727033927.0 | ||
| 007 | t| | ||
| 008 | 061222s1998 fr ||||1| fre d | ||
| 020 | _a2-277-30210-4 | ||
| 080 | _a330.85 | ||
| 080 | _a141.82 | ||
| 100 | 1 |
_aMarx, Karl, _d1818-1883 _978590 |
|
| 245 | 1 | 0 |
_aManifeste du Parti communiste / _cKarl Marx, Friedrich Engels ; traduction de Laura Lafargue ; précédé de: Lire le "Manifeste" par Claude Mazauric. |
| 260 |
_aParis : _bEJL, _c[1998] |
||
| 300 |
_a90 p. ; _c21 cm. |
||
| 490 | 1 |
_aLibrio ; _v210 |
|
| 500 | _aBiblioteca Jacinto Martínez Lacalle. | ||
| 650 | 7 |
_aComunismo _2embne _911211 |
|
| 700 | 1 |
_aEngels, Friedrich. _947225 |
|
| 700 | 1 |
_aLafargue, Laura. _969468 |
|
| 700 | 1 |
_aMazauric, Claude. _979468 |
|
| 830 | 0 |
_aLibrio ; _v210 _9185296 |
|
| 852 |
_aES-MaACL _jE-11463 _bR.139492 |
||
| 999 |
_c106773 _d106773 |
||